000 01020nam1a2200289 i 4500
001 RU\NLR\bibl\891729
005 20241103112310.0
035 _a(NLR Aleph) 000880226
090 _a1654251
_c1654251
100 _a20051221g20059999u y0rusy50 ca
101 0 _arus
102 _aRU
105 _a||||z |||||
200 1 _aВ защиту великих
_eтрактат о том, как знаменитые философы трактуют великих
_fС.С. Перуанский
210 _aМосква
_cРГО
_d2005
215 _d21
300 _aНа 4-й с. обл. авт.: Перуанский С.С., доц., к.ф.-м.н.
463 0 _1001864359
463 0 _10011750775
606 _aФилософия
_xИстория
_91388522
_3RU\NLR\auth\66270120
686 _aЮ3(0)
700 1 _aПеруанский
_bС. С.
_gСергей Серафимович
_4070
801 0 _aRU
_bNLR
_c20051221
_grcr
801 1 _aRU
_bNLR
_c20051221
852 _aNLR
_j2005-3/32150
942 _cBOOK